[Event "MCR senioru 2018 nad 70 let"]
[Site "Pelclovo divadlo Rychnov nad K"]
[Date "2018.07.30"]
[Round "3"]
[White "Chmelik, Jiri"]
[Black "Haderka, Karel"]
[Result "1-0"]
[WhiteElo "1951"]
[BlackElo "1794"]
[PlyCount "121"]
[EventDate "2018.07.28"]

1. d4 e6 2. Nf3 d5 3. c4 c6 4. Qc2 Nf6 5. e3 Bb4+ 6. Bd2 Ba5 7. Bxa5 Qxa5+ 8.
Nc3 Ne4 9. Bd3 Nxc3 10. bxc3 Nd7 11. O-O h6 12. cxd5 exd5 13. c4 O-O 14. cxd5
cxd5 15. Rfc1 Nf6 16. Qc7 b6 17. Rc2 Be6 18. Rac1 Rac8 19. Qb7 Rxc2 20. Rxc2
Qa3 21. Qa6 Qxa6 22. Bxa6 Ra8 23. Ne5 Ne8 24. Rc1 Kf8 25. f3 g5 26. a3 Kg7 27.
Kf2 f6 28. Nd3 Kf7 29. e4 Rd8 30. Ke3 Nd6 31. Nb4 Nc4+ 32. Bxc4 dxc4 33. d5 Bd7
34. Rxc4 Rc8 35. Rxc8 Bxc8 36. Kd4 a5 37. Nc2 Ba6 38. g3 Ke7 39. f4 Be2 40. e5
gxf4 41. gxf4 fxe5+ 42. fxe5 h5 43. Ne3 b5 44. Kc5 b4 45. axb4 axb4 46. Kxb4
Kd7 47. Kc5 Bf3 48. Nc4 Bg4 49. Nb6+ Ke7 50. Kc6 Bf3 51. Kc7 Bxd5 52. Nxd5+ Ke6
53. Nf4+ Kxe5 54. Nxh5 Kf5 55. Ng3+ Kg4 56. Nf1 Kh3 57. Kd6 Kh4 58. Ke5 Kh3 59.
Kf5 Kh4 60. Kf4 Kh3 61. Kg5 1-0

[Event "MCR senioru 2018 nad 70 let"]
[Site "Pelclovo divadlo Rychnov nad K"]
[Date "2018.07.30"]
[Round "3"]
[White "Tejkal, Jiri"]
[Black "Jancalek, Jan"]
[Result "1-0"]
[WhiteElo "1914"]
[BlackElo "1603"]
[PlyCount "115"]
[EventDate "2018.07.28"]

1. d4 Nf6 2. Nf3 e6 3. Bf4 d5 4. e3 a6 5. Bd3 Nc6 6. O-O Bd7 7. c4 dxc4 8. Bxc4
b5 9. Be2 Be7 10. h3 O-O 11. Nc3 Nh5 12. Bh2 Bd6 13. Ne5 Nf6 14. f4 Ne7 15.
Nxd7 Qxd7 16. Bf3 Ra7 17. e4 Bb4 18. Kh1 c5 19. Bg1 Rc7 20. dxc5 Qxd1 21. Rfxd1
Bxc5 22. Bh2 Rcc8 23. Rd3 Rfd8 24. Rad1 Rxd3 25. Rxd3 h6 26. Bg3 g5 27. fxg5
hxg5 28. Be5 Nh7 29. Ne2 Ng6 30. Bc3 Be7 31. Bh5 Rd8 32. Rxd8+ Bxd8 33. Bxg6
fxg6 34. Nd4 Kf7 35. Nc6 Bc7 36. Kg1 Nf6 37. Bxf6 Kxf6 38. Kf2 Bf4 39. g4 Bd6
40. Ke3 e5 41. Kd3 Ke6 42. Kc3 Kd7 43. Na5 Kc7 44. Nb3 Kb6 45. Nd2 Be7 46. Nf3
Bf6 47. Ne1 a5 48. Nc2 Kc5 49. Ne3 Bd8 50. Nd5 b4+ 51. Kd3 a4 52. Ne3 Kb5 53.
Nc4 Kc5 54. Nxe5 b3 55. axb3 axb3 56. Nxg6 Bf6 57. e5 Bg7 58. Ke4 1-0

[Event "MCR senioru 2018 nad 70 let"]
[Site "Pelclovo divadlo Rychnov nad K"]
[Date "2018.07.30"]
[Round "3"]
[White "Glembek, Bohumir"]
[Black "Halla, Jiri"]
[Result "0-1"]
[WhiteElo "1785"]
[BlackElo "1817"]
[PlyCount "48"]
[EventDate "2018.07.28"]

1. d4 Nf6 2. c4 g6 3. Nc3 Bg7 4. e4 d6 5. f4 O-O 6. Nf3 c5 7. d5 e6 8. Be2 exd5
9. exd5 Re8 10. O-O Bf5 11. Bd3 Bxd3 12. Qxd3 a6 13. a4 a5 14. Bd2 Na6 15. Rae1
Qd7 16. b3 b6 17. Rxe8+ Rxe8 18. Re1 Nc7 19. h3 h5 20. Ng5 Rxe1+ 21. Bxe1 Qe7
22. Bd2 Nh7 23. Qe4 Qxe4 24. Ngxe4 Bf8 0-1

[Event "MCR senioru 2018 nad 70 let"]
[Site "Pelclovo divadlo Rychnov nad Kneznou, Panska ulice"]
[Date "2018.07.30"]
[Round "3"]
[White "Slizek, Josef"]
[Black "Vlachopulos, Elefteris"]
[Result "1-0"]
[WhiteElo "1948"]
[BlackElo "1737"]
[EventDate "2018.07.28"]
[PlyCount "75"]

1. e4 c5 2. Nf3 d6 3. d4 cxd4 4. Nxd4 Nf6 5. Nc3 a6 6. Bg5 e6 7. f4 Be7 8. Qf3
h6 9. Bh4 Qc7 10. g4 Nxe4 11. Bxe7 Nxc3 12. Bxd6 Qxd6 13. Qxc3 O-O 14. Qd2 e5
15. Nf5 Qxd2+ 16. Kxd2 Bxf5 17. gxf5 exf4 18. Bd3 Nc6 19. Raf1 Rad8 20. Rxf4
Ne5 21. Rg1 f6 22. Rg3 Rf7 23. Ke2 Rfd7 24. Re3 Kf8 25. h3 a5 26. Rf2 b5 27. a3
Rd5 28. Rf4 Nc6 29. Kf2 b4 30. axb4 axb4 31. Kf3 Nd4+ 32. Kg3 Rc5 33. Kg4 Nc6
34. Kf3 Nd4+ 35. Kg4 Nc6 36. Ree4 Ne5+ 37. Kh4 Nxd3 38. cxd3 {neèitelný
zápis} 1-0

[Event "MCR senioru 2018 nad 70 let"]
[Site "Pelclovo divadlo Rychnov nad Kneznou, Panska ulice"]
[Date "2018.07.30"]
[Round "3"]
[White "Rucka, Alois"]
[Black "Tolar, Jan"]
[Result "1-0"]
[WhiteElo "1933"]
[BlackElo "1719"]
[EventDate "2018.07.28"]
[PlyCount "69"]

1. d4 Nf6 2. c4 g6 3. Nc3 d5 4. cxd5 Nxd5 5. e4 Nxc3 6. bxc3 c5 7. Bc4 Bg7 8.
Ne2 Nc6 9. Be3 cxd4 10. cxd4 O-O 11. O-O Bg4 12. f3 Na5 13. Bd3 Bd7 14. Rc1 a6
15. Qd2 Nc6 16. Rfd1 h5 17. Bb1 Na7 18. e5 Bc6 19. Nc3 Nb5 20. Ne4 Na3 21. Bd3
Ba4 22. Re1 Bb5 23. Nc5 Rb8 24. Qc3 Bxd3 25. Qxd3 Nb5 26. Qe4 e6 27. Nxb7 Qd5
28. Qxd5 exd5 29. Nc5 Ra8 30. a4 Na3 31. Bf2 Nc4 32. Rb1 Bh6 33. Rb7 Rfd8 34.
e6 fxe6 35. Rxe6 1-0

[Event "MCR senioru 2018 nad 70 let"]
[Site "Pelclovo divadlo Rychnov nad Kneznou, Panska ulice"]
[Date "2018.07.30"]
[Round "3"]
[White "Klimes, Jiri"]
[Black "Koudelka, Milos"]
[Result "1-0"]
[WhiteElo "1853"]
[BlackElo "1705"]
[EventDate "2018.07.28"]
[PlyCount "155"]

1. e4 c5 2. Nf3 d6 3. d4 cxd4 4. Nxd4 Nf6 5. Nc3 a6 6. Bg5 e6 7. Qf3 Be7 8. Be2
Nbd7 9. O-O O-O 10. Rad1 Qc7 11. Qg3 Ne5 12. f4 Nc6 13. Nxc6 bxc6 14. e5 dxe5
15. fxe5 Nd5 16. Bh6 g6 17. Bxf8 Bxf8 18. Kh1 Bg7 19. Nxd5 cxd5 20. Qc3 Qxe5
21. Qxe5 Bxe5 22. b3 Bc3 23. Bf3 Ra7 24. Rd3 d4 25. Rb1 e5 26. Bd5 Kg7 27. Rf3
f5 28. b4 Bb7 29. Bxb7 Rxb7 30. a3 Kf6 31. Rb3 Rc7 32. b5 axb5 33. Rxb5 Rc6 34.
Rh3 h5 35. a4 e4 36. Kg1 e3 37. Kf1 Bd2 38. Rb2 Ke5 39. Ke2 Kd5 40. Ra2 Ke4 41.
g3 Rf6 42. Rh4+ Ke5 43. a5 Ra6 44. Ra4 Bc3 45. Kd3 Kd5 46. Raxd4+ Bxd4 47.
Rxd4+ Ke5 48. Ra4 h4 49. Kxe3 hxg3 50. hxg3 g5 51. c4 f4+ 52. gxf4+ gxf4+ 53.
Kd3 Rd6+ 54. Kc3 f3 55. Ra1 Ra6 56. Kb4 Kd4 57. Kb5 Ra8 58. a6 Rb8+ 59. Kc6
Kxc4 60. a7 Rf8 61. Rf1 Kd3 62. Rxf3+ Rxf3 63. a8=Q Rf6+ 64. Kd5 Rf4 65. Qa3+
Ke2 66. Qb2+ Kf3 67. Qc3+ Kg4 68. Qe3 Rf5+ 69. Ke4 Rf8 70. Qg1+ Kh3 71. Qg7 Rf1
72. Qh6+ Kg4 73. Qe6+ Kh4 74. Qg6 Rf2 75. Qh6+ Kg4 76. Qe6+ Kh4 77. Ke3 Rf1 78.
Qc4+ 1-0

[Event "MCR senioru 2018 nad 70 let"]
[Site "Pelclovo divadlo Rychnov nad Kneznou, Panska ulice"]
[Date "2018.07.30"]
[Round "3"]
[White "Maly, Jiri"]
[Black "Zikmund, Jaroslav"]
[Result "0-1"]
[WhiteElo "1585"]
[BlackElo "1826"]
[EventDate "2018.07.28"]
[PlyCount "78"]

1. d4 Nf6 2. c4 g6 3. Nf3 Bg7 4. Nc3 d5 5. cxd5 Nxd5 6. e4 Nxc3 7. bxc3 c5 8.
Be3 O-O 9. Be2 cxd4 10. cxd4 Qa5+ 11. Qd2 Qxd2+ 12. Nxd2 Nc6 13. Nb3 Rd8 14.
Rd1 b6 15. O-O Bb7 16. f3 e6 17. Bc4 Rac8 18. Be2 Nb4 19. Rd2 Rc2 20. Rfd1 Rxa2
21. Rxa2 Nxa2 22. Rd2 Nb4 23. g4 Rc8 24. Kf2 Rc3 25. Na1 Rc1 26. Rd1 Rxd1 27.
Bxd1 Ba6 28. Nb3 Bf8 29. h4 Nd3+ 30. Kg3 Nb2 31. Bc2 Bd3 32. Bxd3 Nxd3 33. e5
Bb4 34. Bd2 a5 35. Bxb4 Nxb4 36. Nd2 b5 37. Kf4 a4 38. Nb1 Nc2 39. Ke4 a3 0-1

[Event "MCR senioru 2018 nad 70 let"]
[Site "Pelclovo divadlo Rychnov nad K"]
[Date "2018.07.31"]
[Round "4"]
[White "Trojan, Lubos"]
[Black "Bakalar, Jan"]
[Result "0-1"]
[WhiteElo "1995"]
[BlackElo "1998"]
[PlyCount "110"]
[EventDate "2018.07.28"]

1. d4 Nf6 2. Nf3 b6 3. c4 e6 4. Nc3 Bb4 5. Qc2 Bb7 6. a3 Bxc3+ 7. Qxc3 d6 8.
Bf4 Nbd7 9. e3 O-O 10. Be2 h6 11. h3 Qe7 12. Bh2 Rac8 13. b4 c5 14. O-O d5 15.
dxc5 bxc5 16. b5 Ra8 17. Nd2 e5 18. cxd5 Nxd5 19. Qb2 N5b6 20. a4 a5 21. Bf3
Bxf3 22. Nxf3 f6 23. Nd2 Rfc8 24. Rfc1 Kh8 25. Qa3 Nd5 26. e4 Nb4 27. Nc4 Qe6
28. Qc3 Nb6 29. Nxb6 Qxb6 30. Qc4 Rab8 31. f4 exf4 32. Bxf4 Rb7 33. Rd1 Rd8 34.
Rxd8+ Qxd8 35. Qxc5 Nd3 36. Qe3 Nxf4 37. Rf1 Qd4 38. Re1 Qxe3+ 39. Rxe3 Ne6 40.
Rc3 Rc7 41. Rxc7 Nxc7 42. Kf2 Kg8 43. Ke3 Kf7 44. Kd4 Ke7 45. Kc5 Kd7 46. Kb6
Kc8 47. Kxa5 Kb7 48. Kb4 Ne6 49. Kc4 Nf4 50. Kc5 Nxg2 51. a5 Nf4 52. a6+ Ka7
53. Kd6 Kb6 54. Ke7 Nxh3 55. Kf7 g5 0-1

[Event "MCR senioru 2018 nad 70 let"]
[Site "Pelclovo divadlo Rychnov nad K"]
[Date "2018.07.31"]
[Round "4"]
[White "Jablecnik, Gustav"]
[Black "Briza, Jiri"]
[Result "1-0"]
[WhiteElo "2081"]
[BlackElo "1942"]
[PlyCount "56"]
[EventDate "2018.07.28"]

1. e4 e5 2. Nf3 Nc6 3. Bb5 a6 4. Bxc6 dxc6 5. O-O Bg4 6. h3 Bh5 7. d3 Bxf3 8.
Qxf3 Nf6 9. Nc3 Qd6 10. g4 h6 11. Qg3 O-O-O 12. Ne2 g5 13. Qf3 Be7 14. Ng3 Rdg8
15. Bd2 h5 16. Qf5+ Kb8 17. Bc3 hxg4 18. Bxe5 Qd8 19. hxg4 Rh4 20. Bxf6 Bxf6
21. e5 Be7 22. Kg2 f6 23. e6 Bd6 24. Rh1 Rgh8 25. Nh5 Rxh1 26. Rxh1 Be5 27. c3
Qd5+ 28. Qe4 Qxe6 1-0

[Event "MCR senioru 2018 nad 70 let"]
[Site "Pelclovo divadlo Rychnov nad K"]
[Date "2018.07.31"]
[Round "4"]
[White "Holecek, Vladimir"]
[Black "Pojedziniec, Wladyslaw"]
[Result "1/2-1/2"]
[WhiteElo "1869"]
[BlackElo "1913"]
[PlyCount "26"]
[EventDate "2018.07.28"]

1. e4 c5 2. Nf3 e6 3. d4 cxd4 4. Nxd4 a6 5. Nc3 Qc7 6. a3 Nf6 7. Be3 Nc6 8. Be2
Be7 9. O-O O-O 10. Kh1 d6 11. f4 Bd7 12. Bf3 Nxd4 13. Bxd4 Bc6 1/2-1/2

[Event "MCR senioru 2018 nad 70 let"]
[Site "Pelclovo divadlo Rychnov nad K"]
[Date "2018.07.31"]
[Round "4"]
[White "Tejkal, Jiri"]
[Black "Chmelik, Jiri"]
[Result "1/2-1/2"]
[WhiteElo "1914"]
[BlackElo "1951"]
[PlyCount "40"]
[EventDate "2018.07.28"]

1. d4 Nf6 2. Nf3 e6 3. Bf4 c5 4. e3 b6 5. Bd3 Bb7 6. Nbd2 cxd4 7. exd4 Be7 8.
Qe2 O-O 9. c3 d6 10. h3 Nbd7 11. Nc4 Qc7 12. Bh2 Rfe8 13. O-O Bd5 14. Ncd2 Bb7
15. Rfe1 Qc8 16. Rad1 a6 17. Rc1 Bc6 18. Ne4 Nxe4 19. Bxe4 Bxe4 20. Qxe4 d5
1/2-1/2

[Event "MCR senioru 2018 nad 70 let"]
[Site "Pelclovo divadlo Rychnov nad K"]
[Date "2018.07.31"]
[Round "4"]
[White "Halla, Jiri"]
[Black "Fiser, Jiri"]
[Result "0-1"]
[WhiteElo "1817"]
[BlackElo "1939"]
[PlyCount "70"]
[EventDate "2018.07.28"]

1. e4 c5 2. Nc3 a6 3. g3 b5 4. Bg2 Bb7 5. Nh3 e6 6. d3 Nf6 7. O-O d5 8. exd5
exd5 9. Re1+ Be7 10. Qe2 Nc6 11. Nf4 Nd4 12. Qd1 O-O 13. Nce2 Nf5 14. d4 c4 15.
c3 a5 16. a3 Re8 17. Qc2 Nd6 18. Kf1 Nde4 19. Ng1 b4 20. Rb1 g5 21. f3 Nd6 22.
Nfh3 h6 23. Nf2 Bc8 24. f4 Bf5 25. Qd2 Bxb1 26. fxg5 Nfe4 27. Nxe4 Nxe4 28.
Bxe4 Bxe4 29. gxh6 Ra6 30. Nh3 Bf8 31. h7+ Bxh7 32. Rxe8 Qxe8 33. Qd1 Rf6+ 34.
Kg1 Bd3 35. Bf4 Qe2 0-1

[Event "MCR senioru 2018 nad 70 let"]
[Site "Pelclovo divadlo Rychnov nad K"]
[Date "2018.07.31"]
[Round "4"]
[White "Stec, Frantisek"]
[Black "Most, Zdenek"]
[Result "1/2-1/2"]
[WhiteElo "1925"]
[BlackElo "2010"]
[PlyCount "109"]
[EventDate "2018.07.28"]

1. e4 c5 2. Nf3 Nc6 3. d4 cxd4 4. Nxd4 Nf6 5. Nc3 a6 6. Be3 d6 7. h3 Bd7 8. Be2
g6 9. Qd2 Bg7 10. g4 O-O 11. O-O-O b5 12. g5 Ne8 13. Nxc6 Bxc6 14. f3 Qa5 15.
a3 Nc7 16. Nd5 Qxd2+ 17. Rxd2 Nxd5 18. exd5 Bd7 19. Bd4 Bf5 20. h4 Rac8 21.
Bxg7 Kxg7 22. Bd3 Bxd3 23. Rxd3 Rc4 24. h5 gxh5 25. Rxh5 Kg6 26. Rh6+ Kg7 27.
Re3 Rfc8 28. c3 R8c7 29. Kc2 Rf4 30. Rh2 Rf5 31. f4 Rxf4 32. Reh3 Kg6 33. Rxh7
Kxg5 34. R2h5+ Kg4 35. Rh3 f5 36. Re3 Re4 37. Rxe4+ fxe4 38. Rf7 Kg5 39. Kd2
Kg6 40. Rf2 Rc5 41. Ke3 Rxd5 42. Kxe4 e6 43. Ke3 Rf5 44. Rh2 Kg7 45. Ke4 Rg5
46. Rf2 Rg4+ 47. Ke3 d5 48. Kd3 a5 49. b3 b4 50. axb4 axb4 51. c4 Rg3+ 52. Kd4
dxc4 53. bxc4 Rg4+ 54. Kc5 b3 55. Kb4 1/2-1/2

[Event "MCR senioru 2018 nad 70 let"]
[Site "Pelclovo divadlo Rychnov nad K"]
[Date "2018.07.31"]
[Round "4"]
[White "Truksa, Vaclav"]
[Black "Vitek, Vaclav"]
[Result "1-0"]
[WhiteElo "1801"]
[BlackElo "1980"]
[PlyCount "95"]
[EventDate "2018.07.28"]

1. d4 d5 2. Nf3 Nf6 3. e3 Bg4 4. h3 Bh5 5. Nbd2 e6 6. c3 c6 7. Qb3 Qb6 8. Bd3
Nbd7 9. O-O Bg6 10. Bxg6 hxg6 11. c4 Be7 12. Qd3 Rh5 13. c5 Qc7 14. b4 g5 15.
Bb2 g4 16. Ne5 Nxe5 17. dxe5 gxh3 18. g3 Nd7 19. f4 O-O-O 20. Kh2 f5 21. Nf3
Rg8 22. Nd4 Nf8 23. Ba3 a6 24. Bb2 Kd7 25. a4 Rh6 26. Rac1 Ke8 27. b5 axb5 28.
axb5 Nd7 29. b6 Qb8 30. Nb3 Kf7 31. Bd4 Qf8 32. Ra1 g5 33. Rg1 Nxc5 34. Nxc5
Bxc5 35. Ra7 Bxd4 36. Rxb7+ Kg6 37. exd4 Rg7 38. Qa6 Rhh7 39. Rxg7+ Rxg7 40. b7
Qb4 41. Qxc6 Qb2+ 42. Kh1 Re7 43. Qc8 Qxb7 44. Qg8+ Rg7 45. Qxe6+ Kh7 46. Qxf5+
Rg6 47. Rb1 Qe7 48. Rb6 1-0

[Event "MCR senioru 2018 nad 70 let"]
[Site "Pelclovo divadlo Rychnov nad K"]
[Date "2018.07.31"]
[Round "4"]
[White "Just, Pavel"]
[Black "Kotva, Milan"]
[Result "1/2-1/2"]
[WhiteElo "1978"]
[BlackElo "1886"]
[PlyCount "50"]
[EventDate "2018.07.28"]

1. e4 e5 2. Nf3 Nc6 3. Bb5 a6 4. Bxc6 dxc6 5. O-O Bd6 6. d4 Bg4 7. dxe5 Bxf3 8.
Qxf3 Bxe5 9. Rd1 Qf6 10. Qxf6 Bxf6 11. c3 Rd8 12. Rxd8+ Bxd8 13. Bf4 Nf6 14. f3
Rg8 15. Bg5 h6 16. Bxf6 Bxf6 17. Na3 Ke7 18. Kf2 Rd8 19. Ke2 b5 20. Nc2 c5 21.
Ne3 c6 22. Rd1 g6 23. Rxd8 Kxd8 24. g3 Kd7 25. f4 a5 1/2-1/2

[Event "MCR senioru 2018 nad 70 let"]
[Site "Pelclovo divadlo Rychnov nad K"]
[Date "2018.07.31"]
[Round "4"]
[White "Slizek, Josef"]
[Black "Klimes, Jiri"]
[Result "1-0"]
[WhiteElo "1948"]
[BlackElo "1853"]
[PlyCount "65"]
[EventDate "2018.07.28"]

1. e4 e5 2. Nf3 Nc6 3. Bb5 Bc5 4. O-O Nf6 5. Bxc6 dxc6 6. Nxe5 O-O 7. d3 Re8 8.
Nf3 Bg4 9. Be3 Bxe3 10. fxe3 c5 11. Nbd2 b5 12. b3 Bh5 13. Qe1 Qd7 14. h3 a5
15. a4 Ra6 16. axb5 Qxb5 17. Qg3 Qb7 18. Qg5 Bg6 19. Ra4 h6 20. Qh4 Qb8 21. Nc4
Rae6 22. e5 Nd5 23. Rxa5 Nb4 24. Qf2 Rc6 25. e4 Ree6 26. Rfa1 Kh7 27. Ra8 Qb7
28. Qh4 f6 29. R1a7 Qb5 30. Na3 Qb6 31. Nc4 Qb5 32. exf6 Rxf6 33. Ng5# 1-0

[Event "MCR senioru 2018 nad 70 let"]
[Site "Pelclovo divadlo Rychnov nad K"]
[Date "2018.07.31"]
[Round "4"]
[White "Kasik, Miroslav"]
[Black "Rucka, Alois"]
[Result "0-1"]
[WhiteElo "1778"]
[BlackElo "1933"]
[PlyCount "122"]
[EventDate "2018.07.28"]

1. d4 Nf6 2. Nf3 b6 3. g3 Bb7 4. Bg2 e6 5. O-O Be7 6. Bg5 O-O 7. Nbd2 d6 8. c3
Nbd7 9. Qc2 h6 10. Bxf6 Bxf6 11. e3 Be7 12. Ne1 Bxg2 13. Kxg2 c5 14. f4 cxd4
15. exd4 Rc8 16. Nef3 Qc7 17. Rfe1 Rfe8 18. Qd3 Qc6 19. Kg1 b5 20. a3 a6 21.
Qe4 d5 22. Qd3 g6 23. Ne5 Nxe5 24. fxe5 Kg7 25. Rf1 Rf8 26. Rf2 a5 27. Nf3 Qc4
28. Qd1 b4 29. axb4 axb4 30. Rc1 bxc3 31. Rxc3 Qb4 32. Rxc8 Rxc8 33. Kg2 Bd8
34. Qd3 Rc4 35. Rd2 Ba5 36. Rc2 Qb5 37. Qe2 Qb3 38. Rxc4 dxc4 39. h4 Qa2 40.
Qf2 Bb4 41. Kg1 Qb1+ 42. Kg2 Qd3 43. Kg1 Ba5 44. Kg2 Bb6 45. Kg1 g5 46. hxg5
hxg5 47. Kg2 Qe4 48. Kh2 Qh7+ 49. Kg2 Qe4 50. Kh2 Qf5 51. Qe2 Qh7+ 52. Kg2 Qd3
53. Qxd3 cxd3 54. g4 Bxd4 55. Kf1 Bxb2 56. Ke1 Bc3+ 57. Kd1 Kg6 58. Ne1 Bxe1
59. Kxe1 f6 60. exf6 Kxf6 61. Kd2 Ke5 0-1

[Event "MCR senioru 2018 nad 70 let"]
[Site "Pelclovo divadlo Rychnov nad Kneznou, Panska ulice"]
[Date "2018.07.31"]
[Round "4"]
[White "Jacek, Miloslav"]
[Black "Cermak, Tomas"]
[Result "1-0"]
[WhiteElo "1931"]
[BlackElo "1705"]
[EventDate "2018.07.28"]
[PlyCount "61"]

1. e4 c6 2. d4 d5 3. exd5 Qxd5 4. Nc3 Qa5 5. Nf3 Bg4 6. h3 Bd7 7. Bc4 e6 8. Bd2
Nf6 9. O-O Qc7 10. Re1 Be7 11. Qe2 O-O 12. Ne5 Nd5 13. Ne4 Bf6 14. Nxf6+ Nxf6
15. Rad1 c5 16. Bg5 Nd5 17. Qg4 f6 18. Nxd7 Qxd7 19. Bc1 f5 20. Qe2 Kh8 21.
dxc5 Nc6 22. Qxe6 Qxe6 23. Rxe6 Nf6 24. Bd3 Rad8 25. Bg5 Rd5 26. Bxf6 gxf6 27.
c3 Rxc5 28. Be2 Kg7 29. Bf3 Nd8 30. Rd7+ Rf7 31. Rxd8 1-0

[Event "MCR senioru 2018 nad 70 let"]
[Site "Pelclovo divadlo Rychnov nad Kneznou, Panska ulice"]
[Date "2018.07.31"]
[Round "4"]
[White "Walter, Jaroslav"]
[Black "Pokora, Lubomir"]
[Result "0-1"]
[WhiteElo "1650"]
[BlackElo "1891"]
[EventDate "2018.07.28"]
[PlyCount "34"]

1. e4 e5 2. Nc3 Nf6 3. f4 d5 4. d3 Nc6 5. fxe5 Nxe5 6. d4 Ng6 7. Bg5 dxe4 8.
Nxe4 Be7 9. Bxf6 Bxf6 10. Nf3 O-O 11. c3 Re8 12. Bd3 Bf5 13. Qc2 Nf4 14. Kd2
Nxd3 15. Nxf6+ Qxf6 16. g4 Bg6 17. Rhf1 Qf4+ 0-1

[Event "MCR senioru 2018 nad 70 let"]
[Site "Pelclovo divadlo Rychnov nad Kneznou, Panska ulice"]
[Date "2018.07.31"]
[Round "4"]
[White "Slovak, Martin"]
[Black "Zikmund, Jaroslav"]
[Result "1/2-1/2"]
[WhiteElo "1701"]
[BlackElo "1826"]
[EventDate "2018.07.28"]
[PlyCount "100"]

1. e4 c5 2. Nf3 Nc6 3. Bc4 d6 4. Ng5 e6 5. d3 Be7 6. Nf3 Nf6 7. O-O O-O 8. a3
d5 9. exd5 exd5 10. Ba2 Bg4 11. Be3 Qc7 12. Nbd2 h6 13. g3 Bd6 14. Nb3 d4 15.
Bc1 Ne5 16. Nbd2 Qd7 17. Nxe5 Bxe5 18. f3 Bh5 19. Qe1 Rfe8 20. Qf2 Bc7 21. Ne4
Nxe4 22. fxe4 Kh8 23. Qf5 Qxf5 24. Rxf5 Bg6 25. Rxc5 Bb6 26. Rb5 Rac8 27. Bb3
f6 28. Bd2 Re7 29. Kg2 Rec7 30. Bf4 Rd7 31. Rc1 Bf7 32. Bxf7 Rxf7 33. Kf3 Rc6
34. Rd5 Bc7 35. Rxd4 Be5 36. Rd8+ Kh7 37. c3 g5 38. Be3 b6 39. Ke2 Bc7 40. Rd5
Kg6 41. Rf5 Re7 42. Rcf1 Ree6 43. Bd4 Bd8 44. g4 Bc7 45. b4 Bxh2 46. Rh1 Be5
47. Bxe5 Rxe5 48. Rxe5 fxe5 49. c4 Re6 50. Ke3 Rf6 1/2-1/2

[Event "MCR senioru 2018 nad 70 let"]
[Site "Pelclovo divadlo Rychnov nad Kneznou, Panska ulice"]
[Date "2018.07.31"]
[Round "4"]
[White "Pavlicek, Petr"]
[Black "Vlasak, Ladislav"]
[Result "1-0"]
[WhiteElo "1898"]
[BlackElo "1766"]
[EventDate "2018.07.28"]
[PlyCount "143"]

1. e4 e6 2. d4 d5 3. Nd2 c5 4. Ngf3 cxd4 5. exd5 Qxd5 6. Bc4 Qd6 7. O-O Nf6 8.
Nb3 Nc6 9. Nbxd4 Nxd4 10. Nxd4 Bd7 11. Re1 Be7 12. Bf1 O-O 13. g3 Rac8 14. c3
a6 15. Bf4 Qb6 16. Qb3 Qxb3 17. axb3 Nd5 18. Bd2 Bf6 19. Nc2 Bc6 20. Ne3 Rfd8
21. Ng4 Rd7 22. Red1 h5 23. Nxf6+ Nxf6 24. Be2 g6 25. Be3 Nd5 26. Bd4 Re8 27.
c4 Ne7 28. Bf6 Rxd1+ 29. Rxd1 Nf5 30. h4 Kh7 31. Rd2 Nh6 32. f3 Ng8 33. Bc3 f6
34. Kf2 e5 35. Bd3 e4 36. Bxe4 Bxe4 37. fxe4 Rxe4 38. Rd7+ Re7 39. Rxe7+ Nxe7
40. Bxf6 Nc6 41. Ke3 Na5 42. Bd8 Nxb3 43. Bb6 a5 44. Kd3 Kg7 45. Kc3 Nc1 46.
Bc7 Kf7 47. Kc2 Ne2 48. Kb3 Nd4+ 49. Ka4 Nc6 50. Bxa5 Ke6 51. Bc7 Kd7 52. Bf4
Nd4 53. Kb4 Kc6 54. Kc3 Ne6 55. b4 Kb6 56. Kd3 Nd8 57. Ke4 Nc6 58. Be3+ Kc7 59.
b5 Ne7 60. Ke5 Nf5 61. Bf2 Kd7 62. Kf6 Ne7 63. c5 Kd8 64. Kf7 Kd7 65. Be3 Nf5
66. Bf4 Ne7 67. Bd6 Nf5 68. Kxg6 Nxd6 69. cxd6 Kxd6 70. Kxh5 Ke7 71. Kg6 Kf8
72. Kh7 1-0

[Event "MCR senioru 2018 nad 70 let"]
[Site "Pelclovo divadlo Rychnov nad K"]
[Date "2018.08.01"]
[Round "5"]
[White "Fiser, Jiri"]
[Black "Trojan, Lubos"]
[Result "1-0"]
[WhiteElo "1939"]
[BlackElo "1995"]
[PlyCount "63"]
[EventDate "2018.07.28"]

1. e4 d6 2. d4 g6 3. Nc3 Bg7 4. f4 Nd7 5. Nf3 c5 6. Be3 Qa5 7. Qd2 Ngf6 8. Be2
a6 9. dxc5 dxc5 10. e5 Ng4 11. Bg1 Nf8 12. Nd5 Qd8 13. Bxc5 Be6 14. Nxe7 Qxd2+
15. Nxd2 Nd7 16. Bd6 Ne3 17. Kf2 Nxc2 18. Rac1 Nd4 19. Rc7 Bf8 20. Nc8 Bxa2 21.
Rhc1 Nxe2 22. Kxe2 Bd5 23. g4 Bc6 24. Nc4 Bb5 25. Ke3 Bxc4 26. R1xc4 b5 27.
R4c6 Kd8 28. Ke4 Nb8 29. Rc2 Nd7 30. Rxd7+ Kxd7 31. Nb6+ Ke6 32. f5+ 1-0

[Event "MCR senioru 2018 nad 70 let"]
[Site "Pelclovo divadlo Rychnov nad K"]
[Date "2018.08.01"]
[Round "5"]
[White "Chmelik, Jiri"]
[Black "Jacek, Miloslav"]
[Result "1/2-1/2"]
[WhiteElo "1951"]
[BlackElo "1931"]
[PlyCount "131"]
[EventDate "2018.07.28"]

1. d4 Nf6 2. c4 e6 3. Nc3 Bb4 4. e3 c5 5. Bd3 Nc6 6. Nf3 Bxc3+ 7. bxc3 d6 8. e4
e5 9. d5 Ne7 10. O-O Qa5 11. Qc2 Ng6 12. Ne1 h6 13. f4 exf4 14. Bxf4 Nxf4 15.
Rxf4 Bd7 16. Rb1 O-O-O 17. Qb2 Qc7 18. Rf1 Rde8 19. Qc2 Re7 20. Nf3 Rhe8 21.
Rbe1 Kb8 22. e5 dxe5 23. Nd2 Bc8 24. Rxf6 gxf6 25. Ne4 Qb6 26. Rb1 Qd8 27. Nxf6
Rf8 28. Ne4 Rc7 29. Qf2 f5 30. Nxc5 Rcf7 31. Nb3 Qg5 32. c5 e4 33. h4 Qf6 34.
Qf4+ Ka8 35. Bc4 Qxc3 36. Rc1 Qb2 37. d6 Rg7 38. Qf2 Qxf2+ 39. Kxf2 f4 40. Bd5
e3+ 41. Kf1 Rf5 42. Bf3 Bd7 43. Nd4 Re5 44. c6 bxc6 45. Nxc6 Bxc6 46. Bxc6+ Kb8
47. Rb1+ Kc8 48. d7+ Rxd7 49. Bxd7+ Kxd7 50. Rb7+ Ke6 51. Rxa7 Kf5 52. Ke2 Rb5
53. Kf3 Re5 54. Ke2 Kg4 55. a4 Rc5 56. Rg7+ Kxh4 57. Kf3 Re5 58. Ke2 Ra5 59.
Kf3 Rxa4 60. g3+ fxg3 61. Rxg3 e2 62. Rg1 Ra2 63. Re1 Kg5 64. Rxe2 Ra3+ 65. Kg2
Kf4 66. Rb2 1/2-1/2

[Event "MCR senioru 2018 nad 70 let"]
[Site "Pelclovo divadlo Rychnov nad K"]
[Date "2018.08.01"]
[Round "5"]
[White "Pokora, Lubomir"]
[Black "Slizek, Josef"]
[Result "0-1"]
[WhiteElo "1891"]
[BlackElo "1948"]
[PlyCount "86"]
[EventDate "2018.07.28"]

1. e4 c5 2. Nc3 d6 3. g3 Nc6 4. Bg2 Nf6 5. d3 e5 6. Nge2 Nd4 7. h3 Be7 8. O-O
Bd7 9. f4 g6 10. fxe5 dxe5 11. Bh6 Ne6 12. Nd5 Ng8 13. Be3 h5 14. Nxe7 Nxe7 15.
Qd2 O-O 16. Bh6 Ng7 17. Bg5 Ne8 18. Rf2 f6 19. Raf1 Qb6 20. c3 Rd8 21. Be3 Qd6
22. Qc2 Be6 23. Nc1 Nc6 24. Rd2 Rc8 25. Qa4 b6 26. d4 cxd4 27. cxd4 Nxd4 28.
Ne2 Nxe2+ 29. Rxe2 Qd3 30. Rfe1 Rc7 31. Rd2 Qc4 32. Qd1 Qxa2 33. Rd8 Qxb2 34.
Re2 Qb3 35. Qe1 Rd7 36. Rxd7 Bxd7 37. Rd2 Qc3 38. Qf2 Rf7 39. Bf1 Qb4 40. Qg2
Nd6 41. Bd3 Bc6 42. Rb2 Qe1+ 43. Kh2 Qxe3 0-1

[Event "MCR senioru 2018 nad 70 let"]
[Site "Pelclovo divadlo Rychnov nad K"]
[Date "2018.08.01"]
[Round "5"]
[White "Briza, Jiri"]
[Black "Tejkal, Jiri"]
[Result "1-0"]
[WhiteElo "1942"]
[BlackElo "1914"]
[PlyCount "61"]
[EventDate "2018.07.28"]

1. e4 c5 2. c3 d5 3. exd5 Qxd5 4. d4 cxd4 5. cxd4 e5 6. Nc3 Bb4 7. Bd2 Bxc3 8.
Bxc3 exd4 9. Qxd4 Qe6+ 10. Kd2 Qh6+ 11. f4 Nf6 12. Re1+ Be6 13. Qd6 Nc6 14.
Rxe6+ fxe6 15. Qxe6+ Kf8 16. Qd6+ Ke8 17. Qe6+ Kf8 18. Nh3 Rd8+ 19. Kc1 Qg6 20.
f5 Qh6+ 21. Kc2 Nd4+ 22. Bxd4 Rxd4 23. Bd3 Ne8 24. Qe2 Qc6+ 25. Kb1 Qd6 26. Re1
Nc7 27. Bc2 Rd2 28. Qe4 Rxc2 29. Qxc2 h6 30. Rd1 Qe7 31. Nf4 1-0